Reference coordinate systems for earth dynamics : proceedings of the 56th Colloquium of the International Astronomical Union held in Warsaw, Poland, September 8-12, 1980 /

Bibliographic Details
Corporate Authors: International Astronomical Union. Colloquium, International Astronomical Union
Other Authors: Gaposchkin, E. M., Koaczek, Barbara
Format: Book
Language:English
Published: Dordrecht, Holland ; Boston : D. Reidel ; [1981]
Series:Astrophysics and space science library ; v. 86.
Subjects:

MARC

Tag First Indicator Second Indicator Subfields
LEADER 00000cam a2200000 a 4500
001 in00000085276
005 20151008055823.0
008 810310s1981 ne a b 10110 eng
010 |a  81005066  
020 |a 9027712603 
035 |a (OCoLC)07272955 
035 |9 AAJ4477AM 
039 0 |a 2  |b 3  |c 3  |d 3  |e 3 
040 |a DLC  |c DLC  |d TXA  |d UtOrBLW 
049 |a TXAM  |c [1362003] 
050 0 0 |a QB147  |b .I57 1980 
082 0 |a 526.6  |2 19 
110 2 |a International Astronomical Union.  |b Colloquium  |n (56th :  |d 1980 :  |c Warsaw, Poland) 
245 1 0 |a Reference coordinate systems for earth dynamics :  |b proceedings of the 56th Colloquium of the International Astronomical Union held in Warsaw, Poland, September 8-12, 1980 /  |c edited by E.M. Gaposchkin and B. Koaczek. 
264 1 |a Dordrecht, Holland ;  |a Boston :  |b D. Reidel ;  |c [1981] 
264 2 |a Hingham, MA :  |b Sold and distributed in the USA and Canada by Kluwer Boston, 
264 4 |c ©1981 
300 |a xiii, 396 pages :  |b illustrations ;  |c 25 cm. 
336 |a text  |b txt  |2 rdacontent 
337 |a unmediated  |b n  |2 rdamedia 
338 |a volume  |b nc  |2 rdacarrier 
490 1 |a Astrophysics and space science library ;  |v v. 86. Proceedings 
504 |a Includes bibliographies and index. 
650 0 |a Coordinates  |x Congresses. 
650 0 |a Geodynamics  |v Congresses. 
700 1 |a Gaposchkin, E. M. 
700 1 |a Koaczek, Barbara. 
710 2 |a International Astronomical Union. 
830 0 |a Astrophysics and space science library ;  |v v. 86. 
999 |a MARS 
999 f f |s a6c304a6-d846-31bc-b899-8645125017e1  |i f9d6eb5e-739c-3c5b-832e-43a97d026825  |t 0 
952 f f |p ric  |a Texas A&M University  |b Rellis Campus  |c Joint Library Facility  |d Remote Storage  |t 0  |e QB147 .I57 1980  |h Library of Congress classification  |i unmediated -- volume  |m A14806206481 
998 f f |a QB147 .I57 1980  |t 0  |l Remote Storage